Matemática financiera /

Guardado en:
Autor Principal: Di Vicenzo, Osvaldo N.
Formato: Libro
Publicado: Buenos Aires : Kapelusz, 1994
Materias:
Etiquetas: Agregar Etiqueta
Sin Etiquetas, Sea el primero en etiquetar este registro!
LEADER 00603nam a22001935a 4500
001 CEM.cems017687
005 20110905105732.0
008 130507s1994##################000#0#####d
003 CEMS
020 |a 9501327949 
082 0 4 |a 511 
100 1 |a Di Vicenzo, Osvaldo N. 
245 1 0 |a Matemática financiera /  |c Osvaldo N. Di Vicenzo 
260 |a Buenos Aires :  |b  Kapelusz,  |c 1994 
300 |a 279 p. 
505 0 |a Valuación de capitales únicos -- Valuación de capitales múltiples -- 
653 |a Matemática 
653 |a Matemática financiera 
859 |a CEMS  |b BIB. CEMS - Agricultura  |h 511  |i D642  |p A1436.11  |t Ej.1